000 00622nam a2200217 i 4500
001 bgj
100 1 _aHARMER, Jeremy.
245 1 0 _aThe Listening File /
_cJeremy Harmer and Steve Elsworth.
260 _aSingapore :
_bLongman,
_c1989.
300 _a95 pp :
_bill. ;
_c25 cm.
505 _aIncludes tapescript and answer key.
650 9 _aEnglish language
_xListening
655 _aTextbooks for foreigners
700 1 _aELSWORTH, Steve.
_eco-author
020 _a0582795362 (pbk)
040 _cBPK
041 0 _aeng
920 _a0-582-79536-2 (pbk)
942 _cKS
008 s uk f |000 0 eng
999 _c41326
_d41326
856 _uhttp://koha.tu.koszalin.pl/cgi-bin/koha/opac-detail.pl?biblionumber=41326
_yKatalog online BPK